| 000 -LEADER |
| fixed length control field |
01928cam a22003495a 4500 |
| 001 - CONTROL NUMBER |
| control field |
12786721 |
| 003 - CONTROL NUMBER IDENTIFIER |
| control field |
ASAB |
| 005 - DATE AND TIME OF LATEST TRANSACTION |
| control field |
20180827062627.0 |
| 008 - FIXED-LENGTH DATA ELEMENTS--GENERAL INFORMATION |
| fixed length control field |
020523s1999 at a b 001 0 eng d |
| 010 ## - LIBRARY OF CONGRESS CONTROL NUMBER |
| LC control number |
2002391909 |
| 020 ## - INTERNATIONAL STANDARD BOOK NUMBER |
| International Standard Book Number |
9057005212 |
| 040 ## - CATALOGING SOURCE |
| Original cataloging agency |
TEF |
| Transcribing agency |
ASAB |
| Modifying agency |
DLC |
| 042 ## - AUTHENTICATION CODE |
| Authentication code |
lccopycat |
| 050 00 - LIBRARY OF CONGRESS CALL NUMBER |
| Classification number |
T14.5 |
| Item number |
.G67 1999 |
| 082 00 - DEWEY DECIMAL CLASSIFICATION NUMBER |
| Classification number |
303.48 |
| Edition number |
21 |
| 100 1# - MAIN ENTRY--PERSONAL NAME |
| Personal name |
Goonatilake, Susantha. |
| 9 (RLIN) |
1761 |
| 245 10 - TITLE STATEMENT |
| Title |
Merged evolution : |
| Remainder of title |
long-term implications of biotechnology and information technology / |
| Statement of responsibility, etc. |
Susantha Goonatilake. |
| 260 ## - PUBLICATION, DISTRIBUTION, ETC. |
| Place of publication, distribution, etc. |
Australia : |
| Name of publisher, distributor, etc. |
Gordon and Breach, |
| Date of publication, distribution, etc. |
c1999. |
| 300 ## - PHYSICAL DESCRIPTION |
| Extent |
xii, 268 p. : |
| Other physical details |
ill. ; |
| Dimensions |
24 cm. |
| 440 #0 - SERIES STATEMENT/ADDED ENTRY--TITLE |
| Title |
World futures general evolution studies, |
| International Standard Serial Number |
1043-9331 ; |
| Volume/sequential designation |
v. 14 |
| 9 (RLIN) |
1762 |
| 504 ## - BIBLIOGRAPHY, ETC. NOTE |
| Bibliography, etc. note |
Includes bibliographical references (p. 221-253) and index. |
| 505 8# - FORMATTED CONTENTS NOTE |
| Formatted contents note |
Machine generated contents note: I THREE LINEAGES AND TWO TECHNOLOGIES 11 --1 Biological Evolution: The Genetic Lineage 13 --2 The Cultural Stream of Science 23 --3 The Computer Information Flowline 35 --4 The Exosomatic Lineage Develops Its Autonomy 47 --5 Biotechnology -- 71 -- II THE THREE LINEAGES MERGE 85 --6 The Merging of Culture and Artificial Information 87 --7 The Merging of Culture and Genes 117 --8 The Merging of Biology and Computing 147 --III CONSEQUENCES 165 --9 The Macro Properties of Merged Evolution 167 --10 An Extended Sociology: The Structure -- of New "Communities" 197. |
| 650 #0 - SUBJECT ADDED ENTRY--TOPICAL TERM |
| Topical term or geographic name entry element |
Technology |
| General subdivision |
Social aspects. |
| 9 (RLIN) |
1763 |
| 650 #0 - SUBJECT ADDED ENTRY--TOPICAL TERM |
| Topical term or geographic name entry element |
Biotechnology. |
| 9 (RLIN) |
1764 |
| 650 #0 - SUBJECT ADDED ENTRY--TOPICAL TERM |
| Topical term or geographic name entry element |
Information technology. |
| 9 (RLIN) |
1765 |
| 650 #0 - SUBJECT ADDED ENTRY--TOPICAL TERM |
| Topical term or geographic name entry element |
Evolution. |
| 9 (RLIN) |
1766 |
| 856 41 - ELECTRONIC LOCATION AND ACCESS |
| Materials specified |
Table of contents only |
| Uniform Resource Identifier |
<a href="http://www.loc.gov/catdir/toc/fy031/2002391909.html">http://www.loc.gov/catdir/toc/fy031/2002391909.html</a> |
| 856 42 - ELECTRONIC LOCATION AND ACCESS |
| Materials specified |
Publisher description |
| Uniform Resource Identifier |
<a href="http://www.loc.gov/catdir/enhancements/fy0653/2002391909-d.html">http://www.loc.gov/catdir/enhancements/fy0653/2002391909-d.html</a> |
| 906 ## - LOCAL DATA ELEMENT F, LDF (RLIN) |
| a |
7 |
| b |
cbc |
| c |
copycat |
| d |
2 |
| e |
ncip |
| f |
20 |
| g |
y-gencatlg |
| 942 ## - ADDED ENTRY ELEMENTS (KOHA) |
| Source of classification or shelving scheme |
|
| Koha item type |
Book |